| 000 -LEADER |
| fixed length control field |
00881nam a22002417a 4500 |
| 005 - DATE AND TIME OF LATEST TRANSACTION |
| control field |
20231018161018.0 |
| 008 - FIXED-LENGTH DATA ELEMENTS--GENERAL INFORMATION |
| fixed length control field |
231018s1989ru xxu||||| |||| 00| 0 rus d |
| 020 ## - INTERNATIONAL STANDARD BOOK NUMBER |
| International Standard Book Number |
5250003796 |
| 041 ## - LANGUAGE CODE |
| Language code of text/sound track or separate title |
rus |
| 080 ## - UNIVERSAL DECIMAL CLASSIFICATION NUMBER |
| Universal Decimal Classification number |
2-9:930.85 Т-96 |
| 100 ## - MAIN ENTRY--PERSONAL NAME |
| Personal name |
ТАЙЛОР, ЭДУАРД БЕРНЕТТ. |
| 9 (RLIN) |
20108 |
| 245 ## - TITLE STATEMENT |
| Title |
Первобытная культура / |
| Statement of responsibility, etc. |
Э. Б. Тайлор. |
| 264 ## - PRODUCTION, PUBLICATION, DISTRIBUTION, MANUFACTURE, AND COPYRIGHT NOTICE |
| Place of production, publication, distribution, manufacture |
Москва : |
| Name of producer, publisher, distributor, manufacturer |
Политиздат, |
| Date of production, publication, distribution, manufacture, or copyright notice |
1989. |
| 300 ## - PHYSICAL DESCRIPTION |
| Extent |
572, [2] c. |
| Other physical details |
20 см. |
| 653 ## - INDEX TERM--UNCONTROLLED |
| keyword |
Первобытная культура |
| 653 ## - INDEX TERM--UNCONTROLLED |
| keyword |
история религии, религия, |
| 653 ## - INDEX TERM--UNCONTROLLED |
| keyword |
история культуры, |
| 653 ## - INDEX TERM--UNCONTROLLED |
| keyword |
первобытная культура, |
| 653 ## - INDEX TERM--UNCONTROLLED |
| keyword |
происхождение религии |
| 653 ## - INDEX TERM--UNCONTROLLED |
| keyword |
რელიგია |
| 653 ## - INDEX TERM--UNCONTROLLED |
| keyword |
ისტორია, კულტურა |
| 942 ## - ADDED ENTRY ELEMENTS (KOHA) |
| Source of classification or shelving scheme |
|
| Koha item type |
წიგნი |